000 00531nam a2200121Ia 4500
008 220620s9999||||xx |||||||||||||| ||und||
100 _aHercules Dalianis
245 0 _aClinical Text Mining: Secondary Use of Electronic Patient Records
546 _aEnglish[eng]
650 _aNatural Language Processing||Text Analysis||Data Mining||Health Informatics||Text Mining||Medical Terminologies||Health Care Information Systems||Support Vector Machines
856 _uhttps://link.springer.com/book/10.1007/978-3-319-78503-5
942 _cEB
999 _c31837
_d31837